Footballeurs en F - Statistiques

Statistiques générales
  • Ce quiz a été pris 167 fois
  • Le résultat moyen est 12 sur 20
Statistiques - réponses
Par images Réponse % Correct
Fekir
97%
Foden
95%
Falcao
94%
Fabinho
92%
Firmino
92%
Fabregas
88%
Figo
87%
Fofana
85%
Fati
83%
Forlan
83%
Florenzi
63%
Fernandinho
53%
Faubert
40%
Fontaine
35%
Frankowski
24%
Feret
22%
Feindouno
17%
Fiorèse
17%
Frei
15%
Fournier
10%
Aucun quiz correspondant
Distribution des résultats
% des personnes avec chaque résultat
Percentile par nombre de réponses
Votre historique - résultats
Vous n’avez pas pris ce quiz